|
|
|
|
| LEADER |
00000nam0a2200000 4500 |
| 001 |
255750 |
| 005 |
20231101233043.0 |
| 010 |
|
|
|a 2292002925
|
| 020 |
|
|
|a RU
|b 89-72714
|
| 035 |
|
|
|a (RuTPU)RU\TPU\book\278282
|
| 090 |
|
|
|a 255750
|
| 100 |
|
|
|a 20140401d1989 k y0rusy5003 ca
|
| 101 |
0 |
|
|a rus
|
| 102 |
|
|
|a RU
|
| 105 |
|
|
|a a z 001zy
|
| 200 |
1 |
|
|a Шлифование заготовок из коррозионностойких сталей с применением СОЖ
|f Л. В. Худобин, М. А. Белов
|
| 210 |
|
|
|a Саратов
|c Изд-во Сарат. ун-та
|d 1989
|
| 215 |
|
|
|a 146,[2] с.
|c ил.
|
| 320 |
|
|
|a Библиогр.: с. 134-144.
|
| 606 |
1 |
|
|a Смазочно-охлаждающие жидкости в металлообработке
|x Выбор типа
|2 stltpush
|3 (RuTPU)RU\TPU\subj\55290
|9 73333
|
| 610 |
1 |
|
|a сталь коррозионностойкая
|
| 610 |
1 |
|
|a заготовки
|
| 610 |
1 |
|
|a шлифование
|
| 610 |
1 |
|
|a шлифование
|
| 610 |
1 |
|
|a сож
|
| 675 |
|
|
|a 621.923.079
|z rus
|v 3
|
| 700 |
|
1 |
|a Худобин
|b Л. В.
|g Леонид Викторович
|4 070
|
| 701 |
|
1 |
|a Белов
|b М. А.
|g Михаил Александрович
|4 070
|
| 801 |
|
0 |
|a RU
|b RuMRKP
|c 19950417
|g psbo
|
| 801 |
|
1 |
|a RU
|b 63413507
|c 20140401
|
| 801 |
|
2 |
|a RU
|b 63413507
|c 20140715
|g RCR
|
| 942 |
|
|
|c BK
|